Cartas filosóficas

Gespeichert in:
Bibliographische Detailangaben
1. Verfasser: Voltaire
Format: Buch
Sprache:Undetermined
Veröffentlicht: Buenos Aires, Argentina REI [s.f.]
Schlagworte:
Tags: Tag hinzufügen
Keine Tags, Fügen Sie den ersten Tag hinzu!

MARC

LEADER 00000nam a2200000Ia 4500
008 170316s9999 xx 000 0 und d
090 |a 100 V-24c 
100 |a Voltaire 
245 |a Cartas filosóficas 
260 |a Buenos Aires, Argentina 
260 |b REI 
260 |c [s.f.] 
300 |a 95 páginas 
650 |a FILOSOFÍA 
650 |a CARTAS FILOSÓFICAS 
999 |c 17864  |d 17864 
040 |a cru BVZT 
942 |c 15 D  |h 100 V-24c  |2 z